[Event "46th GRE-chT Premier 2018"]
[Site "Rio Achaia"]
[Date "2018.07.13"]
[Round "5"]
[White "Antoniadou, Paraskevi"]
[Black "Fertaki, Eleftheria"]
[Result "1-0"]
[WhiteElo "1764"]
[BlackElo "1139"]
[Annotator "NA"]
[PlyCount "139"]
[EventDate "2018.07.10"]
[EventType "team-tourn"]
[EventCountry "GRE"]
[SourceTitle "playchess.com"]
[Source "ChessBase"]
[SourceQuality "1"]

1. e4 c5 2. Nf3 e6 3. c3 Nf6 4. e5 Nd5 5. d4 Nc6 6. Bc4 Nb6 7. Bb3 cxd4 8. cxd4 d6 9. Qe2 Qc7 10. O-O Be7 11. Nc3 a6 12. Re1 O-O 13. a3 Nd7 14. Bc2 b6 15. Qd3 g6 16. Qe3 Re8 17. Bd2 Bf8 18. Qe2 Bg7 19. exd6 Qxd6 20. d5 Nd8 21. dxe6 Nxe6 22. Rad1 Qc7 23. Ng5 Bb7 24. Qg4 Nf6 25. Nxe6 Rxe6 26. Qg3 Qxg3 27. hxg3 Rae8 28. Bb3 Rxe1+ 29. Bxe1 Kf8 30. Na4 b5 31. Bb4+ Kg8 32. Nc5 Bc8 33. Rd6 Ng4 34. Nd3 h5 35. Rxg6 Bf5 36. Rd6 Bxd3 37. Rxd3 Bxb2 38. Rf3 Nf6 39. Kf1 Kg7 40. Bc2 Bd4 41. Bb3 Bb2 42. Rf5 Kg6 43. Rc5 Kg7 44. Rc7 Ng4 45. Rxf7+ Kg6 46. Rd7 a5 47. Bf7+ Kf5 48. Bxe8 axb4 49. axb4 Ne5 50. Rd5 Kf6 51. Rxb5 Bc3 52. Bxh5 Nd3 53. Ke2 Nxb4 54. f4 Kg7 55. g4 Na6 56. Rb7+ Kg8 57. g5 Nb4 58. f5 Nd5 59. Kf3 Bg7 60. Bf7+ Kf8 61. Bxd5 Be5 62. Ke4 Bg7 63. f6 Bxf6 64. gxf6 Ke8 65. f7+ Kf8 66. Rb8+ Kg7 67. f8=Q+ Kh7 68. Rb7+ Kg6 69. Qf5+ Kh6 70. Rh7# 1-0

[Event "46th GRE-chT Premier 2018"]
[Site "Rio Achaia"]
[Date "2018.07.13"]
[Round "5"]
[White "Kalyva, Kyriaki"]
[Black "Giannoulaki, Ermofili"]
[Result "1-0"]
[WhiteElo "1734"]
[BlackElo "1286"]
[Annotator "NA"]
[PlyCount "51"]
[EventDate "2018.07.10"]
[EventType "team-tourn"]
[EventCountry "GRE"]
[SourceTitle "playchess.com"]
[Source "ChessBase"]
[SourceQuality "1"]

1. d4 d6 2. Nf3 Nf6 3. c4 Nbd7 4. Nc3 e5 5. e4 Be7 6. Bd3 O-O 7. O-O c6 8. h3 Qc7 9. Be3 a6 10. a4 b6 11. Qc2 Re8 12. Rad1 Bb7 13. Rd2 Rac8 14. Rfd1 Bf8 15. b3 d5 16. dxe5 dxe4 17. Nxe4 Nxe4 18. Bxe4 Nxe5 19. Bxh7+ Kh8 20. Nxe5 Qxe5 21. Qf5 c5 22. Bf4 Qc3 23. Qh5 g6 24. Bxg6+ Kg7 25. Qh7+ Kf6 26. Qxf7# 1-0

[Event "46th GRE-chT Premier 2018"]
[Site "Rio Achaia"]
[Date "2018.07.13"]
[Round "5"]
[White "Kouta, Antonia"]
[Black "Apostolakaki, Evangelia"]
[Result "1-0"]
[WhiteElo "1703"]
[BlackElo "1376"]
[Annotator "NA"]
[PlyCount "63"]
[EventDate "2018.07.10"]
[EventType "team-tourn"]
[EventCountry "GRE"]
[SourceTitle "playchess.com"]
[Source "ChessBase"]
[SourceQuality "1"]

1. e4 e5 2. Nf3 Nc6 3. Bc4 Bc5 4. d3 Nf6 5. O-O O-O 6. Bb3 d5 7. exd5 Nxd5 8. Nxe5 Nxe5 9. d4 Bg4 10. Qd2 Bb4 11. c3 Bxc3 12. Nxc3 Nxc3 13. bxc3 Ng6 14. h3 Bf5 15. Ba4 Bd7 16. Bc2 Re8 17. a4 a5 18. c4 b6 19. Bb2 Bc6 20. d5 Bb7 21. Qd4 f6 22. h4 Nf8 23. h5 Nd7 24. Qd3 Nf8 25. Ba3 Kf7 26. Bxf8 Rxf8 27. Qxh7 Rg8 28. h6 Qf8 29. Rfe1 Qc5 30. Bg6+ Kf8 31. hxg7+ Rxg7 32. Qh8+ 1-0

[Event "46th GRE-chT Premier 2018"]
[Site "Rio Achaia"]
[Date "2018.07.13"]
[Round "5"]
[White "Rousos, Stamatios"]
[Black "Serpetsidakis, Nikolaos"]
[Result "1/2-1/2"]
[WhiteElo "1700"]
[BlackElo "2087"]
[Annotator "NA"]
[PlyCount "111"]
[EventDate "2018.07.10"]
[EventType "team-tourn"]
[EventCountry "GRE"]
[SourceTitle "playchess.com"]
[Source "ChessBase"]
[SourceQuality "1"]

1. e4 c5 2. Nf3 e6 3. d4 cxd4 4. Nxd4 Nf6 5. Nc3 Nc6 6. Ndb5 Bc5 7. Bf4 O-O 8. Bc7 Qe7 9. Bd6 Bxd6 10. Qxd6 Ne8 11. Qxe7 Nxe7 12. O-O-O f5 13. f3 fxe4 14. Nxe4 d5 15. Ned6 a6 16. Nxe8 axb5 17. Nd6 Rxa2 18. Bxb5 Rd8 19. Kb1 Ra7 20. Nc4 Bd7 21. Bxd7 Rxd7 22. Rhe1 Ra6 23. Ne5 Rd8 24. Nd3 Rc6 25. Nf4 Kf7 26. g4 g5 27. Nd3 Ng6 28. Re2 Kf6 29. Rde1 Ra8 30. c3 b5 31. Ne5 Nxe5 32. Rxe5 Ra4 33. h4 h6 34. hxg5+ hxg5 35. R5e3 Rca6 36. Kc2 d4 37. cxd4 Rxd4 38. Rh1 Kg6 39. Re5 Rc6+ 40. Kb1 Rd5 41. Rhe1 Kf6 42. Rxd5 exd5 43. Re8 d4 44. Re4 Rc4 45. b3 Rc3 46. Kb2 Rxf3 47. Rxd4 Rf4 48. Kc3 Rf3+ 49. Kc2 Rf2+ 50. Kd3 Rf3+ 51. Kc2 Rf4 52. Kc3 Ke5 53. Rb4 Rxb4 54. Kxb4 Kf4 55. Kxb5 Kxg4 56. Kc6 1/2-1/2

[Event "46th GRE-chT Premier 2018"]
[Site "Rio Achaia"]
[Date "2018.07.13"]
[Round "5"]
[White "Markaki, Sofia"]
[Black "Iordanidou, Zoi"]
[Result "0-1"]
[WhiteElo "1694"]
[BlackElo "2060"]
[Annotator "NA"]
[PlyCount "86"]
[EventDate "2018.07.10"]
[EventType "team-tourn"]
[EventCountry "GRE"]
[SourceTitle "playchess.com"]
[Source "ChessBase"]
[SourceQuality "1"]

1. e4 d5 2. exd5 Qxd5 3. Nf3 Bg4 4. Be2 Nc6 5. O-O O-O-O 6. h3 Bxf3 7. Bxf3 Qd7 8. c3 Ne5 9. d4 Nxf3+ 10. Qxf3 Nf6 11. Be3 h6 12. Nd2 g5 13. Nc4 Qd5 14. Qxd5 Nxd5 15. Ne5 Rh7 16. c4 Nxe3 17. fxe3 f6 18. Nd3 e5 19. d5 e4 20. Ne1 Rf7 21. Rf5 Bd6 22. Nc2 Be5 23. Nd4 Rg8 24. Raf1 Rh7 25. Kf2 h5 26. b4 h4 27. Ne6 g4 28. Nf4 gxh3 29. gxh3 Rhg7 30. Rh5 Bxf4 31. exf4 Rg3 32. Re1 Rf3+ 33. Ke2 Rg2+ 34. Kd1 Rxf4 35. c5 Rxa2 36. c6 bxc6 37. dxc6 Kd8 38. Rd5+ Ke7 39. Rd2 Rxd2+ 40. Kxd2 f5 41. Kc3 Kd6 42. b5 Kc5 43. Rc1 Rf3+ 0-1

[Event "46th GRE-chT Premier 2018"]
[Site "Rio Achaia"]
[Date "2018.07.13"]
[Round "5"]
[White "Stefanou, Konstantinos"]
[Black "Amaxopoulos, Christos"]
[Result "1-0"]
[WhiteElo "1677"]
[BlackElo "1180"]
[Annotator "NA"]
[PlyCount "53"]
[EventDate "2018.07.10"]
[EventType "team-tourn"]
[EventCountry "GRE"]
[SourceTitle "playchess.com"]
[Source "ChessBase"]
[SourceQuality "1"]

1. c4 e5 2. Nc3 Nf6 3. g3 Bc5 4. e3 d6 5. Bg2 O-O 6. Nge2 c6 7. O-O a6 8. a3 Be6 9. d3 d5 10. d4 exd4 11. exd4 Bb6 12. c5 Bc7 13. b4 Qd7 14. Nf4 Re8 15. Bd2 Bf5 16. a4 Ne4 17. Nxe4 Bxe4 18. f3 Bg6 19. Nxg6 fxg6 20. Re1 Rxe1+ 21. Qxe1 Qd8 22. Bh3 b6 23. Qe6+ Kf8 24. Re1 Ra7 25. Bg5 Qd7 26. Be7+ Ke8 27. Qg8# 1-0

[Event "46th GRE-chT Premier 2018"]
[Site "Rio Achaia"]
[Date "2018.07.13"]
[Round "5"]
[White "Prokopiou, Ekaterini"]
[Black "Paparizou, Eleni"]
[Result "1-0"]
[WhiteElo "1661"]
[BlackElo "1274"]
[Annotator "NA"]
[PlyCount "69"]
[EventDate "2018.07.10"]
[EventType "team-tourn"]
[EventCountry "GRE"]
[SourceTitle "playchess.com"]
[Source "ChessBase"]
[SourceQuality "1"]

1. d4 d5 2. c4 c6 3. cxd5 cxd5 4. Nc3 Nf6 5. Bf4 Bf5 6. Qb3 Qb6 7. Qxb6 axb6 8. e3 e6 9. a3 Be7 10. Nf3 O-O 11. Rc1 Nbd7 12. Bb5 Nb8 13. O-O Nc6 14. Na4 Ra5 15. Bxc6 bxc6 16. Nc3 Rc8 17. Ne5 c5 18. f3 Nh5 19. g4 Nxf4 20. gxf5 Nh3+ 21. Kg2 Ng5 22. h4 f6 23. Nd7 Nf7 24. fxe6 Nd8 25. Nxd5 Bd6 26. e7 Nc6 27. N5xb6 Re8 28. Nc4 Rxe7 29. Nxa5 Nxa5 30. dxc5 Bc7 31. c6 Nxc6 32. Rxc6 Rxd7 33. Rf2 Be5 34. f4 Bd6 35. Rd2 1-0

[Event "46th GRE-chT Premier 2018"]
[Site "Rio Achaia"]
[Date "2018.07.13"]
[Round "5"]
[White "Strati, Betty - Anna"]
[Black "Papadopoulou, Marilena"]
[Result "1-0"]
[WhiteElo "1631"]
[BlackElo "1275"]
[Annotator "NA"]
[PlyCount "85"]
[EventDate "2018.07.10"]
[EventType "team-tourn"]
[EventCountry "GRE"]
[SourceTitle "playchess.com"]
[Source "ChessBase"]
[SourceQuality "1"]

1. d4 d5 2. Bf4 e6 3. e3 Nf6 4. Nd2 Nbd7 5. Ngf3 Be7 6. h3 b6 7. Bd3 Bb7 8. O-O O-O 9. Re1 c5 10. c3 Rc8 11. Qe2 c4 12. Bc2 Nh5 13. Bh2 f5 14. Ne5 Nhf6 15. f3 Bd6 16. e4 Nxe5 17. dxe5 Bc5+ 18. Kh1 Nh5 19. exf5 exf5 20. f4 Qh4 21. Rf1 Rc6 22. Nf3 Ng3+ 23. Bxg3 Qxg3 24. Nd4 Bxd4 25. cxd4 c3 26. b3 Rg6 27. Rf3 Qh4 28. Qe1 Qxe1+ 29. Rxe1 Rc6 30. Ree3 Rfc8 31. Rf1 g6 32. Rfe1 Re6 33. g4 fxg4 34. hxg4 Rf8 35. f5 gxf5 36. gxf5 Rh6+ 37. Kg2 Rc8 38. Rh1 Rxh1 39. Kxh1 b5 40. a3 a5 41. f6 Rc7 42. e6 Kf8 43. e7+ 1-0

[Event "46th GRE-chT Premier 2018"]
[Site "Rio Achaia"]
[Date "2018.07.13"]
[Round "5"]
[White "Symeonidis, Theofilos"]
[Black "Bebis, Epaminondas-Alexand"]
[Result "0-1"]
[WhiteElo "1605"]
[BlackElo "1554"]
[Annotator "NA"]
[PlyCount "75"]
[EventDate "2018.07.10"]
[EventType "team-tourn"]
[EventCountry "GRE"]
[SourceTitle "playchess.com"]
[Source "ChessBase"]
[SourceQuality "1"]

1. d4 Nf6 2. Nf3 e6 3. c4 c5 4. Nc3 cxd4 5. Nxd4 a6 6. e4 Bb4 7. f3 O-O 8. Be2 Qb6 9. Be3 d5 10. cxd5 exd5 11. e5 Nfd7 12. f4 Nc5 13. O-O Bxc3 14. bxc3 Ne4 15. Bd3 Nc6 16. Qc2 Nxd4 17. Bxd4 Qc6 18. f5 b5 19. Rae1 Bb7 20. Re3 Rac8 21. Bxe4 dxe4 22. f6 Rfd8 23. Qd2 Rxd4 24. cxd4 Qc2 25. Qxc2 Rxc2 26. Rd1 Bd5 27. Ra3 e3 28. Rxe3 Rxg2+ 29. Kf1 Rxh2 30. Ra3 gxf6 31. exf6 h6 32. Re1 b4 33. Re8+ Kh7 34. Rg3 Rh1+ 35. Kf2 Rh2+ 36. Ke3 Rg2 37. Rxg2 Bxg2 38. Kf4 0-1

[Event "46th GRE-chT Premier 2018"]
[Site "Rio Achaia"]
[Date "2018.07.13"]
[Round "5"]
[White "Serpetsidaki, Eva"]
[Black "Zacharia, Aikaterini-Eirini"]
[Result "1-0"]
[WhiteElo "1591"]
[BlackElo "1234"]
[Annotator "NA"]
[PlyCount "105"]
[EventDate "2018.07.10"]
[EventType "team-tourn"]
[EventCountry "GRE"]
[SourceTitle "playchess.com"]
[Source "ChessBase"]
[SourceQuality "1"]

1. e4 e5 2. Nf3 Nc6 3. Bb5 a6 4. Ba4 Nf6 5. O-O Be7 6. Re1 b5 7. Bb3 d6 8. c3 Na5 9. Bc2 c5 10. h3 O-O 11. d4 Qc7 12. Nbd2 cxd4 13. cxd4 Nc6 14. Nf1 Nxd4 15. Nxd4 exd4 16. Bb3 Qc5 17. Bf4 Rd8 18. Qd3 Be6 19. Rad1 Nh5 20. Bc1 Bxb3 21. Qxb3 Nf6 22. Qd3 Rac8 23. Qxd4 Qxd4 24. Rxd4 Bf8 25. Red1 Rc7 26. Bg5 Rdc8 27. Bxf6 gxf6 28. Ne3 a5 29. Kf1 Re8 30. f3 b4 31. Nd5 Rec8 32. Nxc7 Rxc7 33. R1d2 Rc1+ 34. Ke2 Bh6 35. Rxd6 Bxd2 36. Rxd2 Rc5 37. Ke3 Kf8 38. Kf4 Ke7 39. g4 Ke6 40. h4 h6 41. h5 Rb5 42. b3 Rc5 43. Rd5 Rxd5 44. exd5+ Kxd5 45. Kf5 Kd4 46. Kxf6 Kc3 47. Kg7 a4 48. bxa4 Kb2 49. a5 Kxa2 50. a6 b3 51. a7 b2 52. a8=Q+ Kb1 53. Kxh6 1-0

[Event "46th GRE-chT Premier 2018"]
[Site "Rio Achaia"]
[Date "2018.07.13"]
[Round "5"]
[White "Moshou, Alexia"]
[Black "Kouta, Vasiliki"]
[Result "1-0"]
[WhiteElo "1582"]
[BlackElo "1350"]
[Annotator "NA"]
[PlyCount "129"]
[EventDate "2018.07.10"]
[EventType "team-tourn"]
[EventCountry "GRE"]
[SourceTitle "playchess.com"]
[Source "ChessBase"]
[SourceQuality "1"]

1. e4 d6 2. d4 Nf6 3. Nc3 Nbd7 4. Bd3 e5 5. Nge2 Be7 6. O-O c6 7. Kh1 h6 8. f4 exd4 9. Nxd4 Nc5 10. h3 Nxd3 11. Qxd3 Qc7 12. f5 Bd7 13. Bf4 O-O-O 14. Nf3 Qa5 15. Qc4 d5 16. exd5 Nxd5 17. Bd2 Nxc3 18. Bxc3 Qc7 19. Bxg7 Rhg8 20. Be5 Bd6 21. Qf4 Bxe5 22. Qxe5 Qb6 23. Qf6 Qa6 24. Rf2 Qb5 25. Ne5 Qd5 26. c4 Qd4 27. Raf1 Rge8 28. Nxd7 Rxd7 29. Qxh6 Qxc4 30. b3 Qc3 31. f6 Re1 32. Qf4 Rxf1+ 33. Rxf1 Rd4 34. Qf5+ Kc7 35. Qe5+ Kb6 36. Qe7 Rf4 37. Rxf4 Qc1+ 38. Kh2 Qxf4+ 39. Kg1 Qd4+ 40. Kf1 Qa1+ 41. Qe1 Qxf6+ 42. Qf2+ Qxf2+ 43. Kxf2 Kc5 44. Kf3 Kd5 45. Kf4 Ke6 46. Kg5 c5 47. a4 b6 48. h4 Ke7 49. h5 Kf8 50. Kf6 a6 51. h6 Kg8 52. Ke5 b5 53. a5 c4 54. bxc4 bxc4 55. Kd4 Kh7 56. Kxc4 Kxh6 57. Kc5 f5 58. Kb6 f4 59. Kxa6 Kg5 60. Kb6 Kg4 61. a6 Kg3 62. a7 Kxg2 63. a8=Q+ f3 64. Kc5 Kg3 65. Kd4 1-0

[Event "46th GRE-chT Premier 2018"]
[Site "Rio Achaia"]
[Date "2018.07.13"]
[Round "5"]
[White "Galanakis, Nikolaos"]
[Black "Abelakiotis, Stavros"]
[Result "0-1"]
[WhiteElo "1579"]
[BlackElo "2029"]
[Annotator "NA"]
[PlyCount "84"]
[EventDate "2018.07.10"]
[EventType "team-tourn"]
[EventCountry "GRE"]
[SourceTitle "playchess.com"]
[Source "ChessBase"]
[SourceQuality "1"]

1. g3 Nf6 2. Bg2 c5 3. Nf3 Nc6 4. O-O d5 5. d3 e5 6. Nbd2 Be7 7. b3 O-O 8. Bb2 e4 9. dxe4 dxe4 10. Ne5 Nxe5 11. Bxe5 e3 12. fxe3 Ng4 13. Bf4 g5 14. h3 gxf4 15. hxg4 fxe3 16. Ne4 Bxg4 17. Qxd8 Raxd8 18. Bf3 Bxf3 19. Rxf3 f5 20. Nc3 Bf6 21. Rxf5 Bxc3 22. Raf1 Rxf5 23. Rxf5 b6 24. Kf1 Rd1+ 25. Kg2 Rd2 26. Kf3 Rxc2 27. Kxe3 Rxa2 28. Kd3 Bg7 29. e4 Rb2 30. Kc4 Rd2 31. e5 Rd4+ 32. Kb5 Re4 33. Ka6 Bxe5 34. Kxa7 Bc7 35. Kb7 Re7 36. g4 Kg7 37. Kc6 Kg6 38. Rd5 Bf4 39. Kxb6 Be3 40. Kb5 Rb7+ 41. Kc4 Rb4+ 42. Kd3 Rxb3+ 0-1

[Event "46th GRE-chT Premier 2018"]
[Site "Rio Achaia"]
[Date "2018.07.13"]
[Round "5"]
[White "Laspas, Antonios"]
[Black "Betsakos, Konstantinos"]
[Result "1/2-1/2"]
[WhiteElo "1566"]
[BlackElo "1913"]
[Annotator "NA"]
[PlyCount "84"]
[EventDate "2018.07.10"]
[EventType "team-tourn"]
[EventCountry "GRE"]
[SourceTitle "playchess.com"]
[Source "ChessBase"]
[SourceQuality "1"]

1. d4 Nf6 2. Nf3 d5 3. c4 e6 4. g3 Bb4+ 5. Bd2 Be7 6. Bg2 O-O 7. Qc2 c6 8. O-O Nbd7 9. Rd1 b6 10. b3 Bb7 11. Bc3 dxc4 12. bxc4 Qc7 13. e4 e5 14. Nxe5 Nxe5 15. dxe5 Ng4 16. Qb2 Bc5 17. Rd2 Rfe8 18. h3 Nxe5 19. Bxe5 Rxe5 20. Nc3 Ba6 21. Qb3 Ree8 22. Na4 Bf8 23. Rad1 Rad8 24. Qc2 Rxd2 25. Rxd2 Rd8 26. Nb2 Bb4 27. Rxd8+ Qxd8 28. Qa4 Qd2 29. Qxa6 Qxb2 30. Qxa7 Bf8 31. e5 g6 32. Qa8 Qxe5 33. Qxc6 Bc5 34. Qe4 Qa1+ 35. Bf1 Qxa2 36. Qe2 Qa1 37. Qf3 Kg7 38. Qe2 h5 39. h4 Qf6 40. Kg2 g5 41. hxg5 Qxg5 42. Qf3 Qd2 1/2-1/2

[Event "46th GRE-chT Premier 2018"]
[Site "Rio Achaia"]
[Date "2018.07.13"]
[Round "5"]
[White "Gkikas, Ioannis"]
[Black "Brokalakis - Gounaris, Christos"]
[Result "1/2-1/2"]
[WhiteElo "1553"]
[BlackElo "1901"]
[Annotator "NA"]
[PlyCount "60"]
[EventDate "2018.07.10"]
[EventType "team-tourn"]
[EventCountry "GRE"]
[SourceTitle "playchess.com"]
[Source "ChessBase"]
[SourceQuality "1"]

1. e4 e5 2. Nf3 Nc6 3. d4 exd4 4. Nxd4 Nf6 5. Nxc6 bxc6 6. e5 Qe7 7. Qe2 Nd5 8. h4 d6 9. c4 Nb6 10. exd6 Qxe2+ 11. Bxe2 cxd6 12. Nc3 Be7 13. Bf4 Be6 14. O-O-O O-O-O 15. b3 d5 16. cxd5 Nxd5 17. Ba6+ Kd7 18. Nxd5 Bxd5 19. Rhe1 Bd6 20. Bxd6 Kxd6 21. g3 Rhe8 22. Rxe8 Rxe8 23. Bc4 Kc5 24. Bxd5 cxd5 25. Kd2 Re7 26. Kd3 a5 27. Rc1+ Kd6 28. Rc8 Rb7 29. Ra8 Rb5 30. Ra7 Ke6 1/2-1/2

[Event "46th GRE-chT Premier 2018"]
[Site "Rio Achaia"]
[Date "2018.07.13"]
[Round "5"]
[White "Skiadopoulou, Afroditi-Lelouda"]
[Black "Chatziioannidi, Filippa"]
[Result "1/2-1/2"]
[WhiteElo "1491"]
[BlackElo "1592"]
[Annotator "NA"]
[PlyCount "295"]
[EventDate "2018.07.10"]
[EventType "team-tourn"]
[EventCountry "GRE"]
[SourceTitle "playchess.com"]
[Source "ChessBase"]
[SourceQuality "1"]

1. e4 c5 2. Be2 e6 3. f4 Nc6 4. Nf3 Qc7 5. d3 a6 6. O-O Be7 7. c3 b5 8. Be3 Nf6 9. h3 Nh5 10. Nh2 Ng3 11. Rf3 Nxe2+ 12. Qxe2 Bb7 13. Nd2 Bd6 14. e5 Nxe5 15. fxe5 Bxe5 16. Ng4 Bxf3 17. Qxf3 O-O 18. Nxe5 Qxe5 19. d4 cxd4 20. Bxd4 Qc7 21. Re1 Rfe8 22. Re5 d6 23. Rg5 e5 24. Qf6 g6 25. Be3 Re6 26. Qf3 Rf8 27. h4 f6 28. Rg3 f5 29. Bh6 e4 30. Qe3 Rfe8 31. Nb3 Qc4 32. Nd4 Rf6 33. h5 Qf7 34. Ne2 Qc4 35. Bg5 Rf7 36. Nd4 Qxa2 37. Bf4 Rf6 38. Bg5 Rf7 39. Bh6 Rf6 40. Bg5 Rf7 41. Qf4 e3 42. Rxe3 Rxe3 43. Qxe3 Qb1+ 44. Kh2 Qe4 45. hxg6 hxg6 46. Qxe4 fxe4 47. Be3 Rf1 48. Kg3 Kf7 49. b4 Kf6 50. Bf4 d5 51. Be3 Rd1 52. Kf2 Rd3 53. Ne2 Ke7 54. Bd4 Kd8 55. Nf4 Rd1 56. Ke2 Ra1 57. g4 Ra2+ 58. Ke3 Ke8 59. Nxg6 a5 60. bxa5 Rxa5 61. Nf4 Ra1 62. Nxd5 Re1+ 63. Kf4 Kd7 64. Nf6+ Kc6 65. Nxe4 Rb1 66. g5 b4 67. cxb4 Rxb4 68. Ke5 Rb5+ 69. Bc5 Rb2 70. Be7 Rg2 71. Kf4 Rxg5 72. Nxg5 Kd5 73. Kf5 Kd4 74. Bf6+ Kd3 75. Kf4 Kc4 76. Ke4 Kc5 77. Be5 Kc6 78. Kd4 Kd7 79. Kc5 Ke7 80. Kd5 Kd7 81. Bd6 Ke8 82. Ke6 Kd8 83. Kd5 Kd7 84. Ne4 Ke8 85. Ke6 Kd8 86. Nc5 Kc8 87. Be5 Kd8 88. Bf4 Kc8 89. Bg3 Kd8 90. Kd6 Ke8 91. Ke6 Kd8 92. Nd7 Kc8 93. Kd6 Kd8 94. Nf6 Kc8 95. Kc6 Kd8 96. Bd6 Kc8 97. Be7 Kb8 98. Ne4 Ka7 99. Nd6 Ka6 100. Bd8 Ka7 101. Bc7 Ka6 102. Ne8 Ka7 103. Nd6 Ka6 104. Kc5 Ka7 105. Kb5 Ka8 106. Kc6 Ka7 107. Nc8+ Ka8 108. Nb6+ Ka7 109. Nd7 Ka8 110. Nc5 Ka7 111. Kd6 Ka8 112. Bb6 Kb8 113. Kc6 Kc8 114. Ba7 Kd8 115. Kd6 Kc8 116. Kc6 Kd8 117. Bb8 Ke7 118. Be5 Kf7 119. Kd6 Kg6 120. Kd5 Kf5 121. Nd3 Kg4 122. Ke4 Kg5 123. Nc5 Kg6 124. Kd5 Kf5 125. Nb7 Kg4 126. Nd6 Kg5 127. Ke4 Kg4 128. Bf4 Kh5 129. Kf5 Kh4 130. Nc4 Kh3 131. Ne3 Kh4 132. Ke4 Kh5 133. Ke5 Kg6 134. Ke6 Kh5 135. Bg3 Kg5 136. Ke5 Kg6 137. Nd5 Kg5 138. Bf4+ Kg6 139. Nc7 Kf7 140. Bg5 Kg6 141. Kf4 Kf7 142. Kf5 Kg7 143. Bf4 Kf7 144. Bd6 Kg7 145. Be7 Kf7 146. Bf6 Kg8 147. Kg6 Kf8 148. Bg5 1/2-1/2

[Event "46th GRE-chT Premier 2018"]
[Site "Rio Achaia"]
[Date "2018.07.13"]
[Round "5"]
[White "Rousis, Chrysostomos"]
[Black "Soukarie, Zorz"]
[Result "1-0"]
[WhiteElo "1483"]
[BlackElo "1295"]
[Annotator "NA"]
[PlyCount "41"]
[EventDate "2018.07.10"]
[EventType "team-tourn"]
[EventCountry "GRE"]
[SourceTitle "playchess.com"]
[Source "ChessBase"]
[SourceQuality "1"]

1. e4 c5 2. Nf3 e6 3. d4 cxd4 4. Nxd4 a6 5. Nc3 Qc7 6. Bd3 b5 7. a3 Nf6 8. O-O Bb7 9. Qe2 Nc6 10. Nb3 Bd6 11. f4 e5 12. Nd5 Qd8 13. fxe5 Nxe5 14. Nxf6+ gxf6 15. Be3 Qe7 16. h3 Qe6 17. Nd4 Qe7 18. Nf5 Qf8 19. Bh6 Qg8 20. Nxd6+ Kd8 21. Nxb7+ 1-0

[Event "46th GRE-chT Premier 2018"]
[Site "Rio Achaia"]
[Date "2018.07.13"]
[Round "5"]
[White "Louka, Marianthi"]
[Black "Bellou, Nazareta"]
[Result "1-0"]
[WhiteElo "1465"]
[BlackElo "1211"]
[Annotator "NA"]
[PlyCount "115"]
[EventDate "2018.07.10"]
[EventType "team-tourn"]
[EventCountry "GRE"]
[SourceTitle "playchess.com"]
[Source "ChessBase"]
[SourceQuality "1"]

1. e4 c5 2. Nc3 a6 3. g3 b5 4. Bg2 Bb7 5. d3 e6 6. Nf3 d6 7. O-O Nf6 8. Bf4 Nc6 9. Re1 e5 10. Bg5 Be7 11. Bxf6 Bxf6 12. Nd5 h5 13. c3 g5 14. Qd2 g4 15. Nxf6+ Qxf6 16. Nh4 O-O-O 17. b4 Ne7 18. Qe3 c4 19. a4 d5 20. Qc5+ Bc6 21. axb5 axb5 22. exd5 Nxd5 23. Ra8+ Kc7 24. Rxd8 Rxd8 25. dxc4 bxc4 26. b5 Qd6 27. Qxc4 Qe6 28. Qxc6+ Qxc6 29. bxc6 Nxc3 30. Ra1 e4 31. Kf1 Kxc6 32. Rc1 Rd1+ 33. Rxd1 Nxd1 34. Bxe4+ Kd6 35. Bc2 Nc3 36. Nf5+ Ke5 37. Ng7 Nd5 38. Nxh5 f5 39. Bb3 Ne7 40. Nf4 Nc6 41. Bd5 Nd4 42. Bb7 Nb3 43. Ng6+ Kf6 44. Nh4 Kg5 45. Ng2 Nd4 46. Ke1 Kg6 47. Kd2 Kf6 48. Ke3 Ke5 49. Nh4 Nb5 50. Bc6 Nd6 51. Bd7 Nc4+ 52. Kd3 Nd6 53. Bxf5 Nxf5 54. Nxf5 Kxf5 55. Ke3 Kg5 56. Ke4 Kg6 57. Kf4 Kh5 58. Ke4 1-0

[Event "46th GRE-chT Premier 2018"]
[Site "Rio Achaia"]
[Date "2018.07.13"]
[Round "5"]
[White "Houhouli, Hristina"]
[Black "Koutsidi, Amalia"]
[Result "1/2-1/2"]
[WhiteElo "1439"]
[BlackElo "1911"]
[Annotator "NA"]
[PlyCount "83"]
[EventDate "2018.07.10"]
[EventType "team-tourn"]
[EventCountry "GRE"]
[SourceTitle "playchess.com"]
[Source "ChessBase"]
[SourceQuality "1"]

1. d4 Nf6 2. Nf3 e6 3. Nbd2 Be7 4. e3 b6 5. e4 Bb7 6. Bd3 O-O 7. b3 c5 8. Bb2 Nc6 9. O-O d6 10. c4 cxd4 11. Nxd4 Nxd4 12. Bxd4 d5 13. cxd5 exd5 14. e5 Ne4 15. Nxe4 dxe4 16. Bc4 Bc5 17. Bxc5 bxc5 18. e6 fxe6 19. Bxe6+ Kh8 20. Qh5 Qf6 21. Bc4 Qc6 22. Qh3 Rad8 23. Qe3 Rd4 24. Rac1 Rfd8 25. Be2 Qd6 26. Rc4 Rxc4 27. Bxc4 Qd4 28. Qf4 Bd5 29. Bxd5 Qxd5 30. Re1 Re8 31. Qe3 Rd8 32. h3 h6 33. Rc1 Qd4 34. Rxc5 Qxe3 35. fxe3 Rd1+ 36. Kh2 Rd3 37. Re5 Rxe3 38. Kg1 Re2 39. a4 Re3 40. b4 a6 41. b5 axb5 42. axb5 1/2-1/2

[Event "46th GRE-chT Premier 2018"]
[Site "Rio Achaia"]
[Date "2018.07.13"]
[Round "5"]
[White "Kratimenou, Georgia"]
[Black "Lagogianni, Niki Vasiliki"]
[Result "1-0"]
[WhiteElo "1436"]
[BlackElo "1123"]
[Annotator "NA"]
[PlyCount "133"]
[EventDate "2018.07.10"]
[EventType "team-tourn"]
[EventCountry "GRE"]
[SourceTitle "playchess.com"]
[Source "ChessBase"]
[SourceQuality "1"]

1. e4 c6 2. d4 d5 3. Nc3 dxe4 4. Nxe4 Bf5 5. Ng3 Bg6 6. h4 h6 7. Nf3 Nd7 8. h5 Bh7 9. Bd3 Bxd3 10. Qxd3 e6 11. Bd2 Ngf6 12. O-O-O Bd6 13. Ne4 Nxe4 14. Qxe4 Nf6 15. Qe2 O-O 16. Kb1 Qb6 17. c4 c5 18. Bc3 Be7 19. Ne5 Rfd8 20. Qe3 Rd6 21. Rd2 Qc7 22. dxc5 Rxd2 23. Bxd2 Bxc5 24. Qe2 Rd8 25. Bf4 Bd6 26. Bh2 Nd7 27. f4 Nxe5 28. fxe5 Bc5 29. Qg4 Bd4 30. Rd1 Bc5 31. Re1 Bd4 32. Bf4 Qb6 33. b3 Kh7 34. Rd1 Bc5 35. Rf1 Rd7 36. Bc1 Qc7 37. Qe4+ Kg8 38. Bb2 b6 39. g4 a5 40. Qf3 Bd4 41. Qf4 Bxb2 42. Kxb2 Qd8 43. Rf2 Kf8 44. Kc2 Kg8 45. Rd2 Rxd2+ 46. Qxd2 Qc7 47. Qd6 Qxd6 48. exd6 Kf8 49. a3 Ke8 50. b4 axb4 51. axb4 Kd7 52. c5 g5 53. hxg6 fxg6 54. Kd3 e5 55. Ke4 Ke6 56. Kf3 Kd7 57. Ke3 Ke6 58. Ke4 h5 59. gxh5 gxh5 60. Kf3 Kd7 61. Kg3 Ke6 62. Kh4 e4 63. Kg3 bxc5 64. bxc5 Kd5 65. d7 Kxc5 66. d8=Q e3 67. Qd3 1-0

[Event "46th GRE-chT Premier 2018"]
[Site "Rio Achaia"]
[Date "2018.07.13"]
[Round "5"]
[White "Kotsoglou, Evi"]
[Black "Grafakou, Sotiria-Aphrodite"]
[Result "0-1"]
[WhiteElo "1424"]
[BlackElo "1617"]
[Annotator "NA"]
[PlyCount "50"]
[EventDate "2018.07.10"]
[EventType "team-tourn"]
[EventCountry "GRE"]
[SourceTitle "playchess.com"]
[Source "ChessBase"]
[SourceQuality "1"]

1. e4 c5 2. Nf3 Nc6 3. d4 cxd4 4. Nxd4 e5 5. Ne2 Nf6 6. Nbc3 Bc5 7. h3 Qb6 8. Be3 Bxe3 9. fxe3 Qxe3 10. Qd2 Qxd2+ 11. Kxd2 d6 12. Rd1 Be6 13. Kc1 O-O-O 14. g3 d5 15. exd5 Nxd5 16. Nxd5 Bxd5 17. Rg1 Bf3 18. Re1 Rhe8 19. Nc3 Nd4 20. g4 e4 21. Bg2 e3 22. b3 Re5 23. Bh1 Rde8 24. Rg3 Bxh1 25. Rxh1 Rc5 0-1